000 01232nam a2200313 a 4500
003 AR-BaBNM
005 20251128203754.0
008 082120s2002 ||||||||||||||000 | spa||
040 _cAR-BaBNM
100 1 _aMiles, Matthew B.
245 0 0 _aAprendizaje del trabajo en grupos
_bguía para líderes educativos
260 _aBuenos Aires
_bTroquel
_bCentro Regional de Ayuda Técnica. Agencia para el Desarrollo Internacional
_c1965
300 _a294 p.
_bdiagr., tablas
500 _aEsta publicación ha sido preparada conjuntamente por la editorial y el Centro Regional de Ayuda Técnica, Agencia para el Desarrollo Internacional AID, Departamento de Estado del Gobierno de los Estados Unidos de América. El Centro es una organización dedi
504 _aBibliografía: p. 282-290
650 4 _aGRUPOS
650 4 _aDINAMICA DE GRUPO
650 4 _aENSEÑANZA EN GRUPO
650 4 _aLIDERAZGO
650 4 _aASESORAMIENTO DE GRUPO
650 4 _aDISCUSION EN GRUPO
650 4 _aESTRUCTURA DEL GRUPO
650 4 _aTRABAJO EN GRUPO [METODO DE ENSEÑANZA]
650 4 _aCONDUCTA DEL GRUPO
700 1 _aFoshay, Arthur W.
_eprologuista
700 1 _aGuastavino, Marta I.
_etraductor
942 _cBK
998 _csilvi
999 _c4877
_d4877